banner-ar

دمية القصر وعصرة اهل العصر / (Record no. 50856)

MARC details
000 -الفاتح
حقل البيانات ثابتة الطول 00704nam a2200205Ia 4500
008 - عناصر البيانات ثابتة الطول - معلومات عامة
حقل البيانات ثابتة الطول 140319s9999 xx 000 0 ara d
040 ## - مصدر الفهرسة
وكالة الفهرسة الأصلية GCL /
وكالة النسخ GCL
082 04 - رقم تصنيف ديوى العشرى
رقم التصنيف 811.008
رقم المادة ب د
100 1# - المدخل الرئيسى - إسم شخصى
الإسم الشخصى الباخرزى , ابوعلى الحسن بن ابى
245 10 - بيان العنوان
العنوان دمية القصر وعصرة اهل العصر /
بيان المسئوليه,etc الباخرزى , ابوعلى الحسن بن ابى
700 1# - المدخل الاضافى - اسم شخصى
الإسم الشخصى محمد التونجى
260 ## - PUBLICATION, DISTRIBUTION, ETC. (IMPRINT)
تاريخ النشر أو التوزيع 1993
490 ## - بيان السلسلة
عنوان السلسلة
650 04 - المدخل الاضافى بالموضوع-مصطلح موضوعى
مصطلح موضوعي الشعر العربى
650 04 - المدخل الاضافى بالموضوع-مصطلح موضوعى
مصطلح موضوعي النثر العربى
650 04 - المدخل الاضافى بالموضوع-مصطلح موضوعى
مصطلح موضوعي القصائد والدواوين
650 04 - المدخل الاضافى بالموضوع-مصطلح موضوعى
مصطلح موضوعي الدولة العباسية الثانية
942 ## - عناصر المدخل الإضافي( كوها)
مصدر التصنيف او مخطط الترفيف Dewey Decimal Classification
Koha [default] item type كتاب
260 ## - PUBLICATION, DISTRIBUTION, ETC. (IMPRINT)
-- [S.N] :
-- دار الجيل ،
Holdings
حالة التراجع حالة الفقد حالة تلف ليس للاعارة المكان المؤقت الموقع الحالى تاريخ الاكتساب اجمالي اﻻعارات رقم الطلب الباركود تاريخ اخر مشاهدة تاريخ تفعيل السعر نوع وعاء كوها
        مكتبة القاهرة الكبرى مكتبة القاهرة الكبرى 03/26/2014   811.008\ب د 121813 03/26/2014 03/26/2014 كتاب
        مكتبة القاهرة الكبرى مكتبة القاهرة الكبرى 03/26/2014   811.008\ب د 121814 03/26/2014 03/26/2014 كتاب
        مكتبة القاهرة الكبرى مكتبة القاهرة الكبرى 03/26/2014   811.008\ب د 121815 03/26/2014 03/26/2014 كتاب
        مكتبة القاهرة الكبرى مكتبة القاهرة الكبرى 03/26/2014   811.008\ب د 121816 03/26/2014 03/26/2014 كتاب

Powered By

EGPV